1126 1065 1715 1520 1576 1582 1077 1180 1648 1461 1288 1605 1910 1774 1172 1855 1974 1272 1911 1754 1170 1071 1581 1551 1870 1619 1582 1868 1482 1261 1098 1953 1034 1760 1017 1431 1850 1435 1755 1659 1998 1784 1502 1072 1292 1638 1449 1462 1816 1429 1735 1020 1363 1015 1442 1744 1954 1019 1178 1440 1425 1861 1669 1357 1545 1318 1647 1865 1796 1127 1555 1677 1398 1965 1788 1046 1482 1085 1230 1637 1230 1054 1295 1887 1800 1327 1885 1864 1700 1859 1232 1699 1812 1867 1228 1817 1459 1334 1791 BCNSPRNW ULIB Ver.6.0+V

เปลี่ยนเป็นภาษาไทย

Change to English
 แสดงรายละเอียดบรรณานุกรม
  กลับหน้าหลัก

Brief Record : Get Marc (ISO 2709) : E-mail record : QR code < ปิดหน้าต่าง
LEADER : 00000nam 2200000uu 4500
001    13399120763
003     ULIB
008    121016s2548||||th 000 0 tha d
099    ^aวจ.WD100^bว494ผ
100 0  ^aวาณี โพธิ็์นคร
245 00 ^aผลของการสร้างพลังอำนาจต่อการปรับเปลี่ยนพฤติกรรมการออกกำลังกายและการบริโภคอาหารของเด็กวัยเรียนที่มีภาวะโภชนาการเกิน/^cวาณี โพธิ์นคร และศรีสุดา เอกลัคนารัตน์
260    ^aนครสวรรค์:^bวิทยาลัยพยาบาลบรมราชชนนี สวรรค์ประชารักษ์ นครสวรรค์,^c2548
300    ^a95 หน้า
650  7 ^aภาวะโภชนาการเกิน^xวิจัย
650  7 ^aสร้างพลังอำนาจ^xวิจัย
650  7 ^aการออกกำลังกาย^xเด็กก่อนวัยเรียน
700 0  ^aศรีสุดา เอกลัคนารัตน์
710 2  ^aสถาบันพระบรมราชนก.^bวิทยาลัยพยาบาลบรมราชชนนี สวรรค์ประชารักษ์ นครสวรรค์.
945    ^p0^l0^i018191
945    ^p0^l0^i032834
995    ^a เกษร
999 ^a ใช้งานได้ทุกระบบ
รายการนี้ยังไม่มีแท็ก
คุณยังไม่ได้ล็อกอิน คุณสามารถมีกิจกรรมร่วมกับเว็บไซต์ได้ แต่ต้องล็อกอินก่อน ::
  ล็อกอิน

รายการสื่อสารสนเทศ

ลำดับที่ ประเภท เลขเรียก/บาร์โค้ด สถานที่ สถานะ
1. งานวิจัย
งานวิจัย
วจ.WD100 ว494ผ ฉ.1 
  Barcode: 018191
ห้องสมุดวิทยาเขตสวรรค์ประชารักษ์
►วิจัย
บนชั้น
2. งานวิจัย
งานวิจัย
วจ.WD100 ว494ผ ฉ.2 
  Barcode: 032834
ห้องสมุดวิทยาเขตสวรรค์ประชารักษ์
►วิจัย
บนชั้น

BibComment


ยังไม่เคยถูกคอมเมนท์

คอมเมนท์ทรัพยากรรายการนี้
  คอมเมนท์: ผลของการสร้างพลั..


 Copyright 2026. Bcnsprnw @Library